| 000 | 00900nam a22003017a 4500 | ||
|---|---|---|---|
| 003 | CHAP | ||
| 005 | 20220329140417.0 | ||
| 008 | 971013s1994 r 00010 d | ||
| 010 | _a51567 | ||
| 011 | _a52539 | ||
| 035 | _a56689 | ||
| 040 | _cCHAP | ||
| 082 |
_a632.95 _bT5 1994-95 |
||
| 100 | 0 | 0 |
_aThomson, William T. _9112956 |
| 245 | _aTree, turf an ornamental pesticide guide | ||
| 260 |
_aFresno, Ca. : _bThomson Publications, _c1994 |
||
| 300 | _a170 p. | ||
| 590 |
_aBATCH-UPD _b10 _c20130110 _lUCH01 _h0910 |
||
| 590 |
_aCONVERSION _b10 _c20130109 _lUCH01 _h1328 |
||
| 650 | 1 | 4 |
_aFungicidas. _944044 |
| 650 | 1 | 4 |
_aHerbicidas. _953691 |
| 650 | 1 | 4 |
_aInsecticidas. _958855 |
| 650 | 1 | 4 |
_aPesticidas. _987536 |
| 650 | 1 | 4 |
_aPlantas _xCrecimiento _xAditivos. _988804 |
| 901 | _aBK | ||
| 942 | _cLIBRO | ||
| 949 |
_a632.95 T5 1994-95 _bBC _cC _d33724000121125 _eC _gI. 179887 _h89729 _i56689 _si _t136.00 |
||
| 999 |
_c51567 _d51567 |
||